000 00457nam a22001937a 4500
005 20230712140358.0
008 230712b |||||||| |||| 00| 0 eng d
020 _a9781429240024
082 _a339
_bMAN-M
100 _aMankiw;N.Gregory
245 _aMacroeconomics
250 _a8th ed.
260 _aNew York
_bWorth Publishers
_c2014
300 _a625
500 _aIndex Given
650 _aEconomics
700 _aN.Gregory Mankiw
999 _c25941
_d25941